Super Smash Bros. Ultimate All Characters - Statistics

General Stats
  • This quiz has been taken 446 times
    350 since last reset
  • The average score is 66 of 84
Answer Stats
Answer % Correct
Mario
99%
Luigi
98%
Donkey Kong
97%
Samus
95%
Link
94%
Pikachu
94%
Peach
93%
Bowser
92%
Zelda
91%
Fox
90%
Kirby
90%
Marth
90%
Ganondorf
89%
Daisy
88%
Dark Samus
87%
Pokemon Trainer
87%
Captain Falcon
86%
Diddy Kong
86%
Falco
86%
King Dedede
86%
Ness
86%
Roy
86%
Steve / Alex
86%
Wario
86%
Yoshi
86%
Toon Link
85%
Young Link
84%
Ike
83%
Meta Knight
83%
Mewtwo
83%
Pichu
83%
R.O.B.
83%
Jigglypuff
82%
Lucario
82%
Mr. Game and Watch
82%
Wolf
82%
Lucas
81%
Ridley
80%
Sheik
80%
Joker
79%
Lucina
79%
Piranha Plant
79%
Pit
79%
Sora
79%
Bowser Jr.
78%
Dark Pit
77%
Dr. Mario
77%
Snake
77%
Greninja
76%
Incineroar
76%
Pyra / Mythra
76%
Zero Suit Samus
76%
Ryu
75%
Ice Climbers
74%
Banjo & Kazooie
73%
Bayonetta
73%
Byleth
73%
Cloud
73%
Ken
71%
King K. Rool
71%
Mii Fighters
71%
Chrom
70%
Sephiroth
70%
Simon
70%
Terry
70%
Villager
70%
Kazuya
69%
Min Min
69%
Sonic
69%
Mega Man
68%
Pac-Man
68%
Palutena
67%
Robin
67%
Rosalina & Luma
67%
Shulk
67%
Wii Fit Trainer
67%
Corrin
66%
Inkling
66%
Olimar
66%
Isabelle
63%
Little Mac
63%
Richter
62%
Duck Hunt
61%
Hero
59%
No matching quizzes found
Score Distribution
Percent of People with Each Score
Percentile by Number Answered
Your Score History
You have not taken this quiz since the last reset